Jogadores Brasileiros que já foram campeões da Champions League - Statistics

Estatísticas Gerais
  • Esse quiz foi jogado 122 vezes
  • A pontuação média é 27 de 61
Estatísticas das Respostas
Resposta % Correto
Barcelona Neymar 2014-15
90%
Paris Saint-Germain Marquinhos 2024-25
88%
Milan Kaká 2006-07
87%
Barcelona Ronaldinho 2005-06
87%
Real Madrid Vinicius Junior 2021-22, 2023-24
87%
Real Madrid Marcelo 2013-14, 2015-16, 2016-17, 2017-18, 2021-22
86%
Real Madrid Rodrygo 2021-22, 2023-24
84%
Real Madrid Roberto Carlos 1997-98, 1999-00, 2001-02
78%
Real Madrid Casemiro 2013-14, 2015-16, 2016-17, 2017-18, 2021-22
77%
Liverpool Alisson 2018-19
76%
Chelsea Thiago Silva 2020-21
76%
Manchester City Ederson 2022-23
74%
Paris Saint-Germain Lucas Beraldo 2024-25
74%
Liverpool Roberto Firmino 2018-19
74%
Bayern de Munique Philippe Coutinho 2019-20
72%
Barcelona Daniel Alves 2008-09, 2010-11, 2014-15
71%
Milan Cafu 2002-03, 2006-07
67%
Real Madrid Éder Militão 2021-22, 2023-24
67%
Bayern de Munique Rafinha 2012-13
66%
Barcelona Rafinha 2014-15
66%
Milan Dida 2002-03, 2006-07
59%
Porto Carlos Alberto 2003-04
58%
Milan Rivaldo 2002-03
58%
Borussia Dortmund Júlio César 1996-97
57%
Real Madrid Júlio César 1999-00
57%
Inter de Milão Júlio César 2009-10
57%
Chelsea David Luiz 2011-12
55%
Barcelona Adriano 2010-11, 2014-15
52%
Bayern de Munique Dante 2012-13
51%
Liverpool Fabinho 2018-19
51%
Inter de Milão Maicon 2009-10
51%
Barcelona Belletti 2005-06
48%
Inter de Milão Lúcio 2009-10
47%
Chelsea Ramires 2011-12
45%
Barcelona Douglas 2014-15
44%
Manchester United Anderson 2007-08
37%
Real Madrid Danilo 2016-17
34%
Milan Serginho 2002-03
27%
Milan Serginho 2006-07
27%
Real Madrid Sávio 1997-98, 1999-00, 2001-02
24%
Barcelona Maxwell 2010-11
23%
Barcelona Edmílson 2005-06
22%
Barcelona Sylvinho 2005-06, 2008-09
22%
Bayern de Munique Élber 2000-01
21%
Bayern de Munique Luis Gustavo 2012-13
15%
Porto Walter Casagrande 1986-87
15%
Porto Paulo Ricardo 1986-87
14%
Milan Roque Júnior 2002-03
14%
Real Madrid Didi 1958-59
10%
Milan Ricardo Oliveira 2006-07
10%
Milan Mazzola 1962-63
8%
Inter de Milão Jair da Costa 1963-64, 1964-65
3%
Porto Derlei 2003-04
2%
Real Madrid Flávio Conceição 2001-02
2%
Real Madrid Canário 1959-60
1%
Porto Elói 1986-87
1%
Bayern de Munique Paulo Sérgio 2000-01
1%
Porto Bruno Moraes 2003-04
0%
Porto Celso 1986-87
0%
Porto Juary 1986-87
0%
Porto Maciel 2003-04
0%
Nenhum quiz correspondente encontrado
Distribuição das Pontuações
Porcentagem de Pessoas com Cada Pontuação
Percentil de Números Respondidos
Sua Pontuação Histórica
Você não jogou esse quiz